000 00426nam a2200181Ia 4500
008 240510s9999 xx 000 0 und d
041 _aEng
082 _a005.117
082 _bJ16
100 _aJAROL ,S.
245 0 _aVISUAL BASIC 5 WEB DEVELOPMENT :( With CD)
260 _bNEW DELHI : COMDEX
260 _c1997
300 _a458 p.
650 _aVISUAL BASIC : VISUAL PROGRAMMING
942 _2ddc
942 _cLBK
999 _c24311
_d24311
945 _a1
_bMadushi Gamage
_c1
_dMadushi Gamage